000 00886pam a2200277 a 4500
999 _c390
_d390
001 3873073
003 OSt
005 20200124111059.0
008 890926s1990 enka b 001 0 eng
010 _a 89037060
020 _a007707209X :
_c$14.95
040 _aDLC
_cDLC
_dDLC
050 0 0 _aQC522
_b.D83 1990
082 0 0 _a537 DUF 1990
_220
100 1 _aDuffin, W. J.
_91020
245 1 0 _aElectricity and Magnetism
250 _a4th ed.
260 _aLondon ;
_aNew York :
_bMcGraw-Hill,
_cc1990.
300 _axix, 437 p. :
_bill. ;
_c25 cm.
504 _aIncludes bibliographical references (p. 413-416) and index.
650 0 _aElectricity.
_91021
650 0 _aMagnetism.
_91022
906 _a7
_bcbc
_corignew
_d1
_eocip
_f19
_gy-gencatlg
942 _2z
_cB_BANK